[Event "ESP-ch U18"]
[Site "Padron"]
[Date "2008.07.29"]
[Round "4"]
[White "Martinez Salas, Imanol"]
[Black "Dominguez Pons, Eric"]
[Result "0-1"]
[WhiteElo "2010"]
[BlackElo "2259"]
[PlyCount "38"]
[EventDate "2008.07.27"]
[EventType "swiss"]
[EventRounds "9"]
[EventCountry "ESP"]
[SourceTitle "CBM 125 Extra"]
[Source "ChessBase"]
[SourceDate "2008.09.01"]
[SourceVersion "1"]
[SourceVersionDate "2008.09.01"]
[SourceQuality "1"]

1. e4 c5 2. Nf3 d6 3. d4 cxd4 4. Nxd4 Nf6 5. f3 Nc6 6. c4 g6 7. Nc3 Bg7 8. Be2 Nxe4 9. Nxc6 Nxc3 10. Nxd8 Nxd1 11. Nxf7 Kxf7 12. Kxd1 Be6 13. Bg5 b6 14. Kc2 Rhc8 15. Rae1 b5 16. b3 h6 17. Bh4 bxc4 18. b4 Bf5+ 19. Kc1 Bc3 0-1

[Event "ESP-ch U18"]
[Site "Padron"]
[Date "2008.07.29"]
[Round "5"]
[White "Sanchez Garcia, Laura"]
[Black "Martinez Salas, Imanol"]
[Result "0-1"]
[WhiteElo "1814"]
[BlackElo "2010"]
[PlyCount "104"]
[EventDate "2008.07.27"]
[EventType "swiss"]
[EventRounds "9"]
[EventCountry "ESP"]
[SourceTitle "CBM 125 Extra"]
[Source "ChessBase"]
[SourceDate "2008.09.01"]
[SourceVersion "1"]
[SourceVersionDate "2008.09.01"]
[SourceQuality "1"]

1. d4 e6 2. c4 c5 3. d5 exd5 4. cxd5 d6 5. Nc3 g6 6. e4 Bg7 7. Nf3 Ne7 8. h3 0-0 9. Bd3 f5 10. 0-0 Nd7 11. Re1 Ne5 12. Nxe5 Bxe5 13. Bg5 a6 14. a4 Qc7 15. a5 fxe4 16. Bxe4 Bf5 17. Qd2 Rf7 18. Bh6 Bd4 19. Re2 Bxe4 20. Nxe4 Nf5 21. Be3 Re8 22. Ng5 Bxe3 23. fxe3 Rfe7 24. Ne6 Qd7 25. Rf1 Ng3 26. Ref2 Nxf1 27. Rxf1 Rxe6 28. dxe6 Qxe6 29. Rd1 Qxe3+ 30. Qxe3 Rxe3 31. Rxd6 Rb3 32. Rd5 Rb5 33. Kh2 Kg7 34. Kg3 Kh6 35. Kf3 Rxa5 36. Ke3 Rb5 37. Rd2 Rb4 38. Rc2 b6 39. Kd3 Kg5 40. Kc3 h5 41. Rd2 Kh4 42. Rd3 g5 43. Rd5 g4 44. Re5 a5 45. Rd5 Rd4 46. Re5 Rd6 47. Rf5 Rh6 48. Kc4 gxh3 49. gxh3 Kxh3 50. Kb5 h4 51. Rg5 Kh2 52. Kc4 Rf6 0-1

[Event "ESP-ch U18"]
[Site "Padron"]
[Date "2008.07.27"]
[Round "1"]
[White "Perez Sanchez, Maria"]
[Black "Martinez Salas, Imanol"]
[Result "0-1"]
[WhiteElo "1464"]
[BlackElo "2010"]
[PlyCount "74"]
[EventDate "2008.07.27"]
[EventType "swiss"]
[EventRounds "9"]
[EventCountry "ESP"]
[SourceTitle "CBM 125 Extra"]
[Source "ChessBase"]
[SourceDate "2008.09.01"]
[SourceVersion "1"]
[SourceVersionDate "2008.09.01"]
[SourceQuality "1"]

1. e4 e6 2. d3 d5 3. Qe2 dxe4 4. dxe4 g6 5. g3 Bg7 6. Bg2 Ne7 7. Nf3 0-0 8. e5 c5 9. 0-0 Nbc6 10. Nbd2 Qc7 11. Re1 Rd8 12. Nf1 Nf5 13. c3 b6 14. h4 a5 15. N1h2 Ba6 16. c4 Rac8 17. Ng4 Ncd4 18. Nxd4 Nxd4 19. Qe4 Bxc4 20. Bg5 Rf8 21. Nf6+ Bxf6 22. Bxf6 h6 23. Qf4 Kh7 24. Kh2 Bd5 25. Bxd5 exd5 26. Rac1 Qd7 27. g4 Ne6 28. Qf3 Ng7 29. h5 d4 30. Re4 Rc6 31. Kg3 Ne6 32. Qb3 Qc7 33. f4 c4 34. Qa3 d3 35. f5 gxf5 36. gxf5 Nc5 37. Rexc4 Rxf6 0-1

[Event "Euskadi-ch U18"]
[Site "Eibar"]
[Date "2008.03.26"]
[Round "2"]
[White "Martinez Salas, Imanol"]
[Black "Juez Villar, Erik"]
[Result "1/2-1/2"]
[WhiteElo "2018"]
[BlackElo "1897"]
[PlyCount "121"]
[EventDate "2008.03.25"]
[EventType "swiss"]
[EventRounds "6"]
[EventCountry "ESP"]
[SourceTitle "EXT 2024"]
[Source "ChessBase"]
[SourceDate "2023.10.10"]
[SourceVersion "1"]
[SourceVersionDate "2023.10.10"]
[SourceQuality "1"]

1. e4 c6 2. Nc3 d5 3. Qf3 dxe4 4. Nxe4 Nd7 5. Bc4 Ne5 6. Qc3 Nxc4 7. Qxc4 e6 8. Nf3 Nf6 9. Nxf6+ gxf6 10. d4 Bd6 11. Bd2 Qc7 12. Qe2 b6 13. 0-0-0 Bb7 14. Rhe1 0-0-0 15. Kb1 Kb8 16. Bc3 Be7 17. g3 Rd7 18. Nd2 h5 19. h4 Rd5 20. Nf1 Rd7 21. Nd2 Qd8 22. Ne4 Rd5 23. Nd2 a6 24. Nf1 Ka7 25. Ne3 Rd7 26. a3 Qa8 27. Rd2 c5 28. dxc5 Rxd2 29. cxb6+ Kb8 30. Bxd2 Bc6 31. Nd1 Rd8 32. Be3 Bf3 33. Qf1 Rc8 34. Nc3 Bxa3 35. Bd2 Be7 36. Qd3 Qb7 37. Be3 e5 38. Qh7 Bb4 39. Bd2 Rd8 40. Be3 Rc8 41. Bd2 Rd8 42. Be3 Bxc3 43. bxc3 Bd5 44. Qxh5 Qc6 45. Qe2 Bc4 46. Qg4 Qb5+ 47. Kc1 Qa4 48. Bd4 exd4 49. Qf4+ Ka8 50. b7+ Kxb7 51. Re7+ Rd7 52. Qe4+ Kb6 53. Rxd7 Qxd7 54. cxd4 f5 55. Qe5 Bd5 56. Qb8+ Bb7 57. Qe5 Qb5 58. Qf6+ Ka5 59. Qxf7 Qf1+ 60. Kb2 Qb5+ 61. Kc1 1/2-1/2

[Event "Pamplona op"]
[Site "Pamplona"]
[Date "2007.12.23"]
[Round "2"]
[White "Mellado Trivino, Juan"]
[Black "Martinez Salas, Imanol"]
[Result "1-0"]
[WhiteElo "2410"]
[BlackElo "1998"]
[PlyCount "55"]
[EventDate "2007.12.22"]
[EventType "swiss"]
[EventRounds "9"]
[EventCountry "ESP"]
[SourceTitle "CBM 121 Extra"]
[Source "ChessBase"]
[SourceDate "2008.01.10"]
[SourceVersion "1"]
[SourceVersionDate "2008.01.10"]
[SourceQuality "1"]

1. d4 e6 2. e4 d5 3. Bd3 dxe4 4. Bxe4 Nd7 5. Nc3 Ngf6 6. Bf3 Be7 7. Nge2 0-0 8. 0-0 Nb6 9. Bf4 Nbd5 10. Be5 c5 11. Nxd5 Nxd5 12. c4 Nb4 13. Qb3 Nc6 14. Bxc6 bxc6 15. Qg3 Bf6 16. dxc5 Bxe5 17. Qxe5 Qd3 18. Nd4 Bb7 19. Rac1 Qd2 20. Rfd1 Qa5 21. a3 Rac8 22. Nxe6 fxe6 23. Rd7 Rf7 24. Qxe6 Rcf8 25. Rxb7 Qxc5 26. Rxf7 Rxf7 27. Qe3 Qa5 28. Qe8+ 1-0

[Event "ESP-ch U18"]
[Site "Linares"]
[Date "2007.08.01"]
[Round "6"]
[White "Martin Alvarez, Inigo"]
[Black "Martinez Salas, Imanol"]
[Result "1-0"]
[WhiteElo "2154"]
[BlackElo "1981"]
[PlyCount "121"]
[EventDate "2007.07.29"]
[EventType "swiss"]
[EventRounds "9"]
[EventCountry "ESP"]
[SourceTitle "EXT 2008"]
[Source "ChessBase"]
[SourceDate "2007.11.25"]
[SourceVersion "1"]
[SourceVersionDate "2007.11.25"]
[SourceQuality "1"]

1. e4 e6 2. d4 d5 3. Nc3 dxe4 4. Nxe4 Nd7 5. Nf3 Ngf6 6. Nxf6+ Nxf6 7. Bg5 Be7 8. Bd3 c5 9. dxc5 Qa5+ 10. c3 Qxc5 11. Qe2 Bd7 12. 0-0 Bc6 13. Ne5 0-0 14. Rfe1 Rad8 15. Rad1 Nd5 16. Nxc6 bxc6 17. Bc1 Nf6 18. Qf3 Qb6 19. Qh3 Bc5 20. Qh4 Rd5 21. b4 Be7 22. Bxh7+ Nxh7 23. Qxe7 Nf6 24. Be3 Qd8 25. Qxd8 Rfxd8 26. Rxd5 Nxd5 27. Rd1 Ra8 28. Bd2 Nb6 29. Kf1 Kf8 30. Be3 Nd5 31. Bc5+ Ke8 32. c4 Nb6 33. Bxb6 axb6 34. Rd6 Rc8 35. a4 Ke7 36. c5 bxc5 37. bxc5 Ra8 38. Rxc6 Rxa4 39. Rc7+ Kf6 40. Ke2 Rc4 41. Kd3 Rc1 42. h4 Rf1 43. c6 Rc1 44. Kd4 Rc2 45. Kd3 Rc1 46. h5 Rc5 47. g4 e5 48. f3 Rc1 49. Ke4 Rc4+ 50. Kd5 Rc2 51. Rd7 Rd2+ 52. Kc5 Rc2+ 53. Kb6 Ke6 54. Rd3 Rc1 55. Rb3 Kd6 56. Rd3+ Ke6 57. c7 Rb1+ 58. Ka7 Rc1 59. Kb7 Rb1+ 60. Kc8 Ke7 61. g5 1-0

[Event "Euskadi-ch U18"]
[Site "Eibar"]
[Date "2007.04.14"]
[Round "6"]
[White "Izquierdo Arruferia, Joseba"]
[Black "Martinez Salas, Imanol"]
[Result "0-1"]
[WhiteElo "1755"]
[BlackElo "1990"]
[PlyCount "82"]
[EventDate "2007.04.10"]
[EventType "swiss"]
[EventRounds "7"]
[EventCountry "ESP"]
[SourceTitle "EXT 2008"]
[Source "ChessBase"]
[SourceDate "2007.11.25"]
[SourceVersion "1"]
[SourceVersionDate "2007.11.25"]
[SourceQuality "1"]

1. e4 e6 2. d4 d5 3. Nc3 dxe4 4. Nxe4 Nd7 5. Nf3 Ngf6 6. Bg5 Be7 7. Nxf6+ Nxf6 8. Bxf6 Bxf6 9. c3 0-0 10. Bd3 Qe7 11. 0-0 c5 12. dxc5 Qxc5 13. Qc2 g6 14. Nd2 Bg7 15. Be4 Rd8 16. Rad1 Qc7 17. Nb3 Bd7 18. Rfe1 Ba4 19. Rxd8+ Rxd8 20. Rd1 Rc8 21. Qd2 b6 22. Qd6 Qc4 23. Bd3 Qg4 24. f3 Qg5 25. Qb4 Bc6 26. Be4 Qe3+ 27. Kh1 Qe2 28. Rb1 Rd8 29. Nd4 Bxd4 30. cxd4 Bxe4 31. fxe4 Qxe4 32. Rd1 Qd5 33. Qe7 Rd7 34. Qf6 Qc4 35. h3 Qc2 36. Re1 Qxb2 37. Rxe6 Qc1+ 38. Kh2 fxe6 39. Qxe6+ Rf7 40. Qe8+ Kg7 41. Qe5+ Kh6 0-1

[Event "Euskadi-ch U18"]
[Site "Eibar"]
[Date "2007.04.10"]
[Round "1"]
[White "Juez Villar, Erik"]
[Black "Martinez Salas, Imanol"]
[Result "1/2-1/2"]
[WhiteElo "1782"]
[BlackElo "1990"]
[PlyCount "76"]
[EventDate "2007.04.10"]
[EventType "swiss"]
[EventRounds "7"]
[EventCountry "ESP"]
[SourceTitle "EXT 2008"]
[Source "ChessBase"]
[SourceDate "2007.11.25"]
[SourceVersion "1"]
[SourceVersionDate "2007.11.25"]
[SourceQuality "1"]

1. d4 e6 2. c4 d5 3. Nc3 Nf6 4. cxd5 exd5 5. Bg5 c6 6. Qc2 Be7 7. e3 Nbd7 8. Bd3 Nf8 9. Nf3 Ng6 10. 0-0 Bg4 11. Ne5 Nxe5 12. dxe5 Nd7 13. Bxe7 Qxe7 14. f4 Nc5 15. a3 Rd8 16. b4 Nxd3 17. Qxd3 0-0 18. h3 Bc8 19. Ne2 f6 20. exf6 Rxf6 21. Nd4 Re8 22. Rae1 Rg6 23. Rf3 Qh4 24. Re2 Bxh3 25. Rxh3 Qxh3 26. Qxg6 Qd7 27. Qg3 a5 28. Kf2 axb4 29. axb4 Qd6 30. Nc2 b6 31. Qf3 c5 32. bxc5 bxc5 33. Rd2 Rd8 34. Na3 d4 35. exd4 cxd4 36. Nb5 Qb4 37. Qd3 Rf8 38. g3 g5 1/2-1/2